ბათუმის შოთა რუსთაველის სახელმწიფო უნივერსიტეტის ბიბლიოთეკა

იმღერე გულო. (ბიბ.ჩანაწერი № 41819)

000 -LEADER
fixed length control field 00701nam a2200229Ia 4500
001 - CONTROL NUMBER
control field 8502
003 - CONTROL NUMBER IDENTIFIER
control field GE_BSU
008 - FIXED-LENGTH DATA ELEMENTS--GENERAL INFORMATION
fixed length control field 181216s||||||||xx |||||||||||||| ||und||
040 ## - CATALOGING SOURCE
Transcribing agency GE_BSU
080 ## - UNIVERSAL DECIMAL CLASSIFICATION NUMBER
Universal Decimal Classification number 821.353.1-1
100 ## - MAIN ENTRY--PERSONAL NAME
Personal name ვარშანიძე,მამია.
245 ## - TITLE STATEMENT
Title იმღერე გულო.
245 ## - TITLE STATEMENT
Remainder of title ლექსები.
245 ## - TITLE STATEMENT
Statement of responsibility, etc. რედ:ა.ახვლედიანი;მხატვ:გ.ხოჯაშვილი.
260 ## - PUBLICATION, DISTRIBUTION, ETC.
Place of publication, distribution, etc. ბათუმი.
260 ## - PUBLICATION, DISTRIBUTION, ETC.
Name of publisher, distributor, etc. საბჭ.აჭარა.
260 ## - PUBLICATION, DISTRIBUTION, ETC.
Date of publication, distribution, etc. 1972.
300 ## - PHYSICAL DESCRIPTION
Extent 110გვ;16სმ.
653 ## - INDEX TERM--UNCONTROLLED
Uncontrolled term იმღერე გულო.
653 ## - INDEX TERM--UNCONTROLLED
Uncontrolled term ლექსები.
942 ## - ADDED ENTRY ELEMENTS (KOHA)
Koha item type წიგნი
ეგზემპლარები
Withdrawn status Lost status Damaged status Not for loan Date acquired Barcode Date last seen Price effective from Koha item type
        2018-12-17 30745 2018-12-17 2018-12-17 წიგნი
        2018-12-17 30746 2018-12-17 2018-12-17 წიგნი